MARC

LEADER 00000nam0a2200000 4500
001 330668
005 20260127124145.0
035 |a (RuTPU)RU\TPU\book\356456 
035 |a RU\TPU\book\101743 
090 |a 330668 
100 |a 20170410d1955 k y0rusy50 ca 
101 0 |a rus 
102 |a RU 
105 |a ac z 001yy 
135 |a drnn ---uucaa 
181 0 |a i   |b  e  
182 0 |a b 
183 0 |a cr  |2 RDAcarrier 
200 1 |a Избранные сочинения. Т. 2  |f В. И. Вернадский  |g под ред. А. П. Виноградова ; Академия наук СССР 
203 |a Текст  |c электронный  |b визуальный 
210 |a Москва  |c Изд-во АН СССР  |d 1955 
283 |a online_resource  |2 RDAcarrier 
300 |a Заглавие с титульного экрана 
300 |a Электронная версия печатной публикации 
320 |a Цитированная литература: с. 485-542 
320 |a Указатель минералов: с. 545-550 
320 |a Географический указатель: с. 551-584 
320 |a Указатель авторов: с. 585-610 
320 |a Постраничные комментарии. 
606 1 |a Минералогия описательная  |2 stltpush  |3 (RuTPU)RU\TPU\subj\43911  |9 63336 
610 1 |a химические элементы 
610 1 |a геохимия 
610 1 |a минералогия 
610 1 |a самородные элементы 
610 1 |a металлы 
610 1 |a металлоиды 
610 1 |a газообразные элементы 
610 1 |a радиоактивные эманации 
675 |a 549  |v 3 
700 1 |a Вернадский  |b В. И.  |c российский учёный  |c естествоиспытатель, мыслитель и общественный деятель  |f 1863-1945  |g Владимир Иванович  |9 207 
702 1 |a Виноградов  |b А. П.  |c российский геохимик  |c академик АН СССР  |f 1895-1975  |g Александр Павлович  |3 (RuTPU)RU\TPU\pers\12020  |4 340  |9 3109 
712 0 2 |a Академия наук СССР  |c (Ленинград/Москва)  |c (1925-1991)  |9 23473 
801 1 |a RU  |b 63413507  |c 20060419  |g PSBO 
801 2 |a RU  |b 63413507  |c 20171225  |g PSBO 
856 4 0 |u http://earchive.tpu.ru/handle/11683/38120 
942 |c CF